| 000 | 00736nam a2200193 4500 | ||
|---|---|---|---|
| 003 | OSt | ||
| 005 | 20240619031458.0 | ||
| 006 | a | ||
| 008 | 240619b |||||||| |||| 00| 0 eng d | ||
| 020 | _a9789710511464 | ||
| 040 |
_aDWCL-Main lib. _cOC |
||
| 082 |
_2Catholic pastoral edition _aRes. 220 C555b 2010 210 |
||
| 245 | _aChristian community Bible : complete text translated from the original languages, with introductions and commentaries for the Christian communities and for those who seek God / | ||
| 250 | _aCatholic pastoral edition | ||
| 260 |
_aQuezon City : _bClaretian Pub., _cc2010. |
||
| 300 |
_b1882 p. : b & w ill. ; _c18 cm. |
||
| 650 | _a1. Bible, English. | ||
| 942 |
_2ddc _n0 _cBK-CIRC _eCatholic pastoral edition _kRes. |
||
| 999 |
_c880 _d880 |
||